Understanding India/ (Record no. 206645)

MARC details
000 -LEADER
fixed length control field 00511nam a2200193 4500
005 - DATE AND TIME OF LATEST TRANSACTION
control field 20241023152940.0
010 ## - LCCN (DPL NO)
LC control number ENG-142346
020 ## - INTERNATIONAL STANDARD BOOK NUMBER
Terms of availability 150.00
035 ## - SYSTEM CONTROL NUMBER
System control number EN-125878
037 ## - SOURCE OF ACQUISITION
Source of stock number/acquisition DBAD
082 ## - DEWEY DECIMAL CLASSIFICATION NUMBER
Classification number 954
245 ## - TITLE STATEMENT
Title Understanding India/
Remainder of title Edited by S. Kumar and B. Rajalakshmi
250 ## - EDITION STATEMENT
Edition statement First
260 ## - PUBLICATION, DISTRIBUTION, ETC. (IMPRINT)
Date of publication, distribution, etc 2024
Name of publisher, distributor, etc Bharathi Books Publishers
300 ## - PHYSICAL DESCRIPTION
Extent 196p.
Dimensions 21cm(pb)
700 ## - ADDED ENTRY--PERSONAL NAME
Personal name S.Kumar
9 (RLIN) 73277
700 ## - ADDED ENTRY--PERSONAL NAME
Personal name B. Rajalakshmi
9 (RLIN) 73278
942 ## - ADDED ENTRY ELEMENTS (KOHA)
Source of classification or shelving scheme Dewey Decimal Classification
Item type English Books
Classification part 954
Call number suffix UND
Edition 2024
Holdings
Withdrawn status Lost status Not for loan Collection code Home library Current library Date acquired Source of acquisition Cost, normal purchase price Full call number Barcode Copy number Cost, replacement price Koha item type
      Non-fiction Bawana Bawana 23/10/2024 DBAD 150.00 954 UND EN-125878 1 150.00 English Books

© Delhi Public Library
Hit Counter
free hit counter